London house prices unsustainable (Record no. 67102)

MARC details
000 -LEADER
fixed length control field 00921cam a2200193 4500
001 - CONTROL NUMBER
control field WB3720-14
008 - FIXED-LENGTH DATA ELEMENTS--GENERAL INFORMATION
fixed length control field 000000n2001 000 0 eng u
035 ## - SYSTEM CONTROL NUMBER
System control number (Sirsi) u112711
245 ## - TITLE STATEMENT
Title London house prices unsustainable
260 ## - PUBLICATION, DISTRIBUTION, ETC.
Date of publication, distribution, etc. 2001
490 ## - SERIES STATEMENT
Series statement Financial Times
Volume/sequential designation 19-20 May 2001, 3(1)
520 ## - SUMMARY, ETC.
Summary, etc. Research by Cambridge Econometrics has shown that house prices in London and the south-east are not sustainable in the long term but homes in the north, Scotland and Wales are undervalued by historical standards. London's house price-to-income ratio is 4.8, suggesting that the average price would have to fall by £31,000 or average income increase by £8,000 to return to the historical average ratio.
590 ## - LOCAL NOTE (RLIN)
Local note WB
650 ## - SUBJECT ADDED ENTRY--TOPICAL TERM
Topical term or geographic name entry element HOUSE PRICE EARNINGS RATIO
650 ## - SUBJECT ADDED ENTRY--TOPICAL TERM
Topical term or geographic name entry element HOUSE PRICES
650 ## - SUBJECT ADDED ENTRY--TOPICAL TERM
Topical term or geographic name entry element HOUSING MARKET
690 ## - LOCAL SUBJECT ADDED ENTRY--TOPICAL TERM (OCLC, RLIN)
Topical term or geographic name as entry element PROPERTY-RESIDENTIAL PROPERTY-RESIDENTIAL PROPERTY MARKET
942 ## - ADDED ENTRY ELEMENTS (KOHA)
Suppress in OPAC 0
Holdings
Withdrawn status Lost status Source of classification or shelving scheme Damaged status Not for loan Home library Current library Shelving location Date acquired Total Checkouts Full call number Barcode Date last seen Copy number Price effective from Koha item type
    Dewey Decimal Classification     London London News article 22/05/2001   WB3720-14 112711-1001 06/08/2019 1 06/08/2019 News article